| 000 | 01311cam a2200229 4500 | ||
|---|---|---|---|
| 001 | L137068 | ||
| 008 | 070313s2007 xxk f 000 0 eng d | ||
| 020 | _a9780101704021 | ||
| 035 | _a(Sirsi) u137068 | ||
| 041 | 0 | _aeng | |
| 110 | 2 |
_aUnited Kingdom _bDepartment for Environment, Food and Rural Affairs |
|
| 245 | 0 | 0 |
_aDraft Climate Change Bill _bconsultation document _h[electronic resource] |
| 260 |
_aLondon _bDEFRA _c2007 |
||
| 505 | 2 | _aScience of climate change -- domestic and international action -- Rationale for legislation -- Key elements of the Bill -- Next steps and how to respond to this consultation. | |
| 520 | _aDiscusses the context and rationale behind the Climate Change Bill and sets out the main reasons why the UK government considers legislation in this area is required. Outlines the background to and the proposed contents of the Bill, summarising its key elements and how they are expected to fit together. | ||
| 590 | _aKA NTK | ||
| 650 | 2 | 4 | _aCLIMATE CHANGE BILL 2007 |
| 651 | 4 |
_aUnited Kingdom _y |
|
| 690 | _aENVIRONMENTAL AND LAND CONSULTANCY-ENVIRONMENTAL MANAGEMENT-ENVIRONMENTAL CONSERVATION | ||
| 856 | 4 | 8 |
_uhttps://www.official-documents.gov.uk/document/cm70/7040/7040.pdf _zView the consultation document free of charge at www.official-documents.gov.uk |
| 942 | _n0 | ||
| 999 |
_c106627 _d106627 |
||